[Event "International Tournament "]
[Site "Paracin"]
[Date "2019.07.05"]
[Round "1.62"]
[White "Jocev, Milan"]
[Black "Xilogiannis, Dimitrios"]
[Result "1-0"]
[WhiteElo "2297"]
[BlackElo "1999"]
[PlyCount "119"]
[EventDate "2019.07.05"]

1. Nf3 Nf6 2. c4 e6 3. Nc3 Bb4 4. g4 O-O 5. g5 Ne8 6. Bg2 c5 7. d3 d5 8. Bd2
Nc6 9. a3 Ba5 10. h4 dxc4 11. dxc4 Nd6 12. Qb3 Qe7 13. e3 Bxc3 14. Bxc3 e5 15.
Nd2 Nd4 16. Qd1 Bf5 17. Rc1 Rad8 18. Bd5 Rfe8 19. e4 Be6 20. f3 f5 21. gxf6
Qxf6 22. Bxd4 exd4 23. Ke2 Qf4 24. Qg1 Nf5 25. Kd3 Nxh4 26. Qh2 Qxh2 27. Rxh2
Ng6 28. Rch1 h6 29. Kc2 Kh7 30. Bxb7 Rb8 31. Bd5 Rb6 32. b3 a5 33. Rh5 Nf4 34.
R5h2 Reb8 35. a4 Bxd5 36. exd5 R6b7 37. Rb1 Re8 38. Ne4 Rc7 39. Rg1 d3+ 40. Kd2
Rb8 41. Rb1 Ne2 42. Kxd3 Nd4 43. Nxc5 Nxf3 44. Rf2 Ne5+ 45. Kd4 Re7 46. Ne6 Ng4
47. Re2 Rf7 48. Rg1 Nf6 49. Rg3 Nh5 50. Rh3 Nf4 51. Nxf4 Rxf4+ 52. Re4 Rf5 53.
Rd3 Kg8 54. d6 Rd8 55. c5 Rc8 56. d7 Rd8 57. Re8+ Rf8 58. Rxd8 Rxd8 59. c6 Kf7
60. Kc5 1-0

[Event "International Tournament "]
[Site "Paracin"]
[Date "2019.07.05"]
[Round "1.63"]
[White "Yerden, Huseyin Eren"]
[Black "Mitev, Valentin"]
[Result "1/2-1/2"]
[WhiteElo "1992"]
[BlackElo "2296"]
[Annotator "Natasa"]
[PlyCount "68"]
[EventDate "2019.07.05"]

1. d4 d5 2. c4 dxc4 3. Nf3 Nf6 4. e3 Bg4 5. Bxc4 e6 6. h3 Bh5 7. Nc3 a6 8. g4
Bg6 9. Ne5 c5 10. Qf3 Qc7 11. Nxg6 hxg6 12. d5 exd5 13. Nxd5 Nxd5 14. Bxd5 Nc6
15. Bxc6+ bxc6 16. Bd2 Be7 17. Bc3 O-O 18. O-O-O Bh4 19. g5 Qe7 20. Rhg1 Bxg5
21. Qg4 Bf6 22. Rd7 Qe8 23. Bxf6 gxf6 24. h4 Rb8 25. Qf5 Rd8 26. Rxd8 Qxd8 27.
h5 g5 28. f4 Qe7 29. Rg3 Qd6 30. Rg1 Rd8 31. Qc2 Qe6 32. Qb3 c4 33. Qb6 Rd5 34.
fxg5 fxg5 {...} 1/2-1/2

[Event "International Tournament "]
[Site "Paracin"]
[Date "2019.07.05"]
[Round "1.64"]
[White "Boldoo, Erdenepurev"]
[Black "Danaci, Ege"]
[Result "1/2-1/2"]
[WhiteElo "2295"]
[BlackElo "1976"]
[Annotator "Natasa"]
[PlyCount "56"]
[EventDate "2019.07.05"]

1. d4 d5 2. c4 c6 3. Nc3 Nf6 4. e3 Bf5 5. cxd5 cxd5 6. Qb3 Nc6 7. Qxb7 Bd7 8.
Qb3 Rb8 9. Qd1 e5 10. dxe5 Nxe5 11. Be2 Bd6 12. Nf3 Nxf3+ 13. Bxf3 Qc7 14. h3
O-O 15. O-O Bh2+ 16. Kh1 Be5 17. Nxd5 Nxd5 18. Bxd5 Bxb2 19. Bxb2 Rxb2 20. Qd4
Qb6 21. Qxb6 axb6 22. Rab1 Rd2 23. Rbd1 Rxd1 24. Rxd1 Be6 25. Bxe6 fxe6 26. f3
Ra8 27. Rd2 Ra3 28. e4 b5 {...} 1/2-1/2

[Event "International Tournament "]
[Site "Paracin"]
[Date "2019.07.05"]
[Round "1.65"]
[White "Srdanovic, Jovana"]
[Black "Gan-Od, Sereenen"]
[Result "0-1"]
[WhiteElo "1975"]
[BlackElo "2294"]
[PlyCount "92"]
[EventDate "2019.07.05"]

1. d4 Nf6 2. c4 g6 3. Nc3 Bg7 4. e4 O-O 5. Be2 d6 6. Bg5 c5 7. d5 e6 8. Nf3
exd5 9. exd5 Qb6 10. Qd2 Re8 11. O-O Bg4 12. h3 Bxf3 13. Bxf3 Nbd7 14. Rfe1 Ne5
15. Be2 Qb4 16. Nb5 Qxd2 17. Bxd2 Ne4 18. Be3 Red8 19. f4 Nd7 20. Bd3 a6 21.
Nc7 Rac8 22. Bxe4 Rxc7 23. Rab1 b5 24. b3 Rb7 25. Kf2 Rdb8 26. Bd3 b4 27. g4 a5
28. g5 a4 29. h4 axb3 30. axb3 Ra7 31. h5 Ra2+ 32. Re2 Rxe2+ 33. Kxe2 Re8 34.
Kf2 f5 35. h6 Bc3 36. Kf3 Ra8 37. Be2 Ra2 38. Bd3 Kf7 39. Be2 Bd4 40. Rd1 Rb2
41. Rd3 Bc3 42. Bd1 Ne5+ 43. fxe5 dxe5 44. Rxc3 bxc3 45. Bxc5 c2 46. Bxc2 Rxc2
0-1